|
|
|
|
| LEADER |
02038cam a2200385 a 4500 |
| 001 |
c000227494 |
| 003 |
CARM |
| 005 |
20061207133858.0 |
| 008 |
791031s1977 enkae b 100 0 eng |
| 010 |
|
|
|a 79318143
|
| 015 |
|
|
|a GB78-11999
|
| 019 |
1 |
|
|a 1588896
|z 44255155
|5 LACONCORD2021
|
| 035 |
|
|
|a (OCoLC)5751421
|5 LACONCORD2021
|
| 040 |
|
|
|a LC
|b eng
|c LC
|d NU
|
| 050 |
0 |
0 |
|a TD885.5.S8
|b I57 1976
|
| 082 |
0 |
0 |
|a 628.5/3/2
|
| 111 |
2 |
|
|a International Conference on the Control of Gaseous Sulphur and Nitrogen Compound Emission.
|n (2nd :
|d 1976 :
|c University of Salford)
|
| 245 |
1 |
4 |
|a The control of gaseous sulphur and nitrogen compound emission :
|b papers presented at the second international conference : 170th event of the European Federation of Chemical Engineering, held at the University of Salford 6-8 April, 1976.
|
| 260 |
|
|
|a [Rugby] :
|b [Institution of Chemical Engineers],
|c [1977].
|
| 300 |
|
|
|a 2 v. (ca. 600 p. in various pagings) :
|b ill., plan ;
|c 30 cm.
|
| 500 |
|
|
|a At head of title: The North Western Branch of the Institution of Chemical Engineers in association with the University of Salford.
|
| 500 |
|
|
|a Issued in portfolio.
|
| 504 |
|
|
|a Includes bibliographies.
|
| 650 |
|
0 |
|a Sulphur dioxide
|x Environmental aspects
|v Congresses.
|
| 650 |
|
0 |
|a Nitrogen oxides
|x Environmental aspects
|v Congresses.
|
| 650 |
|
0 |
|a Flue gasses
|x Environmental aspects
|v Congresses.
|
| 650 |
|
0 |
|a Air
|x Purification
|v Congresses.
|
| 710 |
2 |
|
|a Institution of Chemical Engineers (Great Britain).
|b North Western Branch.
|
| 710 |
2 |
|
|a European Federation of Chemical Engineering.
|
| 710 |
2 |
|
|a University of Salford.
|
| 852 |
8 |
|
|b CARM
|h A2:AH14H0
|i F01281
|p 0268667
|f BK
|
| 852 |
8 |
|
|b CARM
|h A2:AH14H0
|i F01281
|p 0268668
|f BK
|
| 999 |
f |
f |
|i 5ec530e0-8e89-5f64-bf84-0b8569b8e5a8
|s 658801f1-7cde-5db5-a730-ac2167e75aed
|
| 952 |
f |
f |
|p Can circulate
|a CAVAL
|b CAVAL
|c CAVAL
|d CARM 1 Store
|e F01281
|f A2:AH14H0
|h Other scheme
|i book
|j pt.2
|m 0268668
|
| 952 |
f |
f |
|p Can circulate
|a CAVAL
|b CAVAL
|c CAVAL
|d CARM 1 Store
|e F01281
|f A2:AH14H0
|h Other scheme
|i book
|j pt.1
|m 0268667
|